| 000 | 00528nam a2200181Ia 4500 | ||
|---|---|---|---|
| 999 |
_c23141 _d23141 |
||
| 003 | OSt | ||
| 005 | 20200515090750.0 | ||
| 008 | 190216s9999||||xx |||||||||||||| ||und|| | ||
| 020 | _a9780330418799 | ||
| 040 | _coclc | ||
| 082 |
_a915.042 _bBAT/T |
||
| 100 |
_aBattutah, Ibn _92306 |
||
| 245 | 4 |
_aThe Travels Of Ibn Battutah / _cIbn Battutah |
|
| 260 |
_bPicador, _aLondon; |
||
| 300 | _a325p | ||
| 650 | 0 |
_aHistory & geography _vIslamic History _92271 |
|
| 942 |
_cBK _2ddc _h915.042 _iBAT/T _k915.042 _mBAT/T |
||